UM Logo

Efficiency level of selling technique and consumer preference on native delicacy stores in Digos City/ (Record no. 1989)

MARC details
000 -LEADER
fixed length control field 00635nam a22001577a 4500
008 - FIXED-LENGTH DATA ELEMENTS--GENERAL INFORMATION
fixed length control field 160426b xxu||||| |||| 00| 0 eng d
082 ## - DEWEY DECIMAL CLASSIFICATION NUMBER
Edition number 2011
Classification number UT 0282
Item number T48
100 ## - MAIN ENTRY--PERSONAL NAME
9 (RLIN) 6392
Personal name Timbad, Lady Mae A.
245 ## - TITLE STATEMENT
Title Efficiency level of selling technique and consumer preference on native delicacy stores in Digos City/
Statement of responsibility, etc. Lady Mae A. Timbad, Jonel P. Palencia and Dae T. Nahine.
260 ## - PUBLICATION, DISTRIBUTION, ETC. (IMPRINT)
Place of publication, distribution, etc. Digos City:
Name of publisher, distributor, etc. UMDC
Date of publication, distribution, etc. March 2011.
300 ## - PHYSICAL DESCRIPTION
Extent 48 pages;
Dimensions 28 cm.
650 #0 - SUBJECT ADDED ENTRY--TOPICAL TERM
9 (RLIN) 6394
Topical term or geographic name as entry element Business Administration
Form subdivision Marketing Management
General subdivision Undergraduate thesis.
700 ## - ADDED ENTRY--PERSONAL NAME
9 (RLIN) 6396
Personal name Palencia, Jonel P.
700 ## - ADDED ENTRY--PERSONAL NAME
9 (RLIN) 6397
Personal name Nahine, Dale T.
942 ## - ADDED ENTRY ELEMENTS (KOHA)
Source of classification or shelving scheme Dewey Decimal Classification
Koha item type Undergraduate Thesis
Holdings
Withdrawn status Lost status Source of classification or shelving scheme Damaged status Not for loan Collection code Home library Current library Date acquired Total Checkouts Full call number Barcode Date last seen Price effective from Koha item type
    Dewey Decimal Classification     Undergraduate Theses UM Digos College - LIC UM Digos College - LIC 04/26/2016   UT 0282 T48 2011 UT0282 04/26/2016 04/26/2016 Undergraduate Thesis